000 00572cam a2200205 4500
001 WB3601-49
008 000000n1999 000 0 eng u
035 _a(Sirsi) u103302
245 _aDown in the woods today
260 _c1999
490 _aFinancial Times
_vWeekend 18 December 1999, XV(2)
520 _aAnalyses the benefits of investing in forestry and current state of the market.
590 _aWB
650 _aFORESTRY
650 _aFORESTRY COMMISSION
650 _aFORESTRY INVESTMENT
650 _aGRANTS
690 _aRURAL PRACTICE
942 _n0
999 _c62081
_d62081